| 000 | 00475nam a22001817a 4500 | ||
|---|---|---|---|
| 999 |
_c5152 _d5152 |
||
| 003 | OSt | ||
| 005 | 20181221131635.0 | ||
| 008 | 181221b ||||| |||| 00| 0 eng d | ||
| 040 | _cDLC | ||
| 082 |
_a221 _bL941Z |
||
| 245 |
_aZechariah / _cBy G. Coleman Luck. |
||
| 260 |
_aChicago, USA : _bMoody Press, _cc1966. |
||
| 300 | _a127 p.: | ||
| 490 | _aEveryman's Bible Commentary | ||
| 504 | _aBibliography Includes | ||
| 650 | _xEvery Man's Bible Commentary | ||
| 942 |
_2ddc _cBK |
||